000 00345 a2200169 4500
001 160421
020 _a
040 _cMagnum
100 _aNunes, Lygia Bojunga
240 1 0 _aOs colegas
_lpor
245 1 0 _aOs colegas
300 _a91
362 0 _a1989
440 1 _aJosé Olympio
697 _aLITERATURA INFANTO-JUVENIL
942 _cBK
999 _c160421
_d160421